Từ điển danh ngôn đông tây

Guardat en:
Dades bibliogràfiques
Autor principal: Thanh Vân
Format: Llibre
Idioma:English
Publicat: Thanh niên 2004
Matèries:
Etiquetes: Afegir etiqueta
Sense etiquetes, Sigues el primer a etiquetar aquest registre!
Thư viện lưu trữ: Mạng thư viện Đại học Đà Nẵng
LEADER 00996nam a22003131a 4500
001 000033755
003 9945
005 20151022000000.0
008 151022s2004 vm 000 eng
041 |a eng 
082 |a 495.923  |b TH-V 
100 |a Thanh Vân 
245 |a Từ điển danh ngôn đông tây  |c Thanh Vân 
260 |a Thanh niên  |c 2004 
300 |a 590tr. : mh ; 30 cm 
650 |a Từ điển, danh ngôn, đông tây, Thanh Vân, 2004 
852 |b Đọc  |c TỪ ĐIỂN 
OWN |a LNN 
AVA |a UDN50  |b LNN  |d 495.923 TH-V  |e available  |t Error 5001 Not defined in file expand_doc_bib_avail.  |f 3  |g 0  |h N  |i 0 
999 |a From the UDN01 
AVA |a UDN50  |b LNN  |d 495.923 TH-V  |e available  |t Error 5001 Not defined in file expand_doc_bib_avail.  |f 3  |g 0  |h N  |i 0 
TYP |a Monograph 
980 |a Mạng thư viện Đại học Đà Nẵng